2026 FIFA World Cup South American Countries - Statistics

General Stats
  • This quiz has been taken 342 times
  • The average score is 6 of 6
Answer Stats
Number Country % Correct
1 Argentina
100%
2 Brazil
100%
6 Uruguay
100%
3 Colombia
98%
5 Paraguay
98%
4 Ecuador
97%
No matching quizzes found
Score Distribution
Percent of People with Each Score
Percentile by Number Answered
Your Score History
You have not taken this quiz